000 00981nam a22003017a 4500
001 BR6200342
003 BR-BrBNA
005 20230928083405.0
007 ta
008 230509b bl.||||| |||| 00| 0 por d
040 _aBR-BrBNA
_bpor
_cBiblioteca Nacional de Agricultura
041 _a(Por)
072 _aE15
_b0150
_b/G514
090 _ 0150 BR6200342
100 1 _aPrimo, O.R.
110 1 _aUniversidade Federal de Vicosa, MG (Brasil)
_0Tese (Magister Scientiae)
245 1 _aRelacoes de custo de producao de arroz no municipio de Capinopolis, Minas Gerais [Brasil]
260 3 _aVicosa, MG (Brasil):
_c1962.
300 _a81 p.
500 _a7 illus.; 42 tables; 7 ref.; Summary (Por). (*) Documento disponível na(o) Universidade Federal de Vicosa, MG (Brazil)
650 _aSISTEMA DE PRODUCAO
650 _aCUSTO DE PRODUCAO
650 _aARROZ
650 _aCAPINOPOLIS
650 _aMINAS GERAIS
909 _a202309
_bLucia
_c55
_dLucia Elande
942 _cBK
999 _c13204
_d13204